000
00205 a2200097 4500
001
16164
100
_a
Waddy, Charis
245
_a
Woman in Muslim History
260
_a
_b
Longman
_c
090
_c
12450
_d
12450
942
_a
NUST-CAE
_c
M
_c
2726
999
_c
251237
_d
251237